Statistics for 15 Largest Cities in Africa (with a map)

Click here to take the quiz!

General Stats

  • This quiz has been taken 26,093 times
  • The average score is 11 of 15

Answer Stats

Population City % Correct
21.0 milCairo
99%
13.9 milJohannesburg
96%
4.23 milCape Town
94%
19.4 milLagos
86%
5.90 milNairobi
86%
3.98 milAlgiers
86%
5.80 milAlexandria
84%
4.48 milCasablanca
79%
12.4 milKinshasa
74%
6.30 milKhartoum
69%
6.45 milDar es Salaam
62%
5.10 milAccra
62%
8.15 milLuanda
59%
5.60 milAbidjan
36%
4.70 milKano
23%

Score Distribution

Percentile by Number Answered

Percent of People with Each Score

Your Score History

You have not taken this quiz